| 000 | 00919 a2200241 4500 | ||
|---|---|---|---|
| 003 | Nust | ||
| 005 | 20230116141239.0 | ||
| 010 | _a 83004604 | ||
| 020 | _a0136414494 (pbk.) : | ||
| 020 | _a0136414567 (hard) | ||
| 040 | _cNust | ||
| 082 | 0 | 0 | _a650.14,FOR |
| 100 | 2 |
_aForisha-Kovach, Barbara. _9106891 |
|
| 245 | 1 | 0 |
_aOrganizational sync : _bmaking your job work for you / _cBarbara Forisha-Kovach, with Randy Kovach and Glenn Morris. |
| 260 |
_aEnglewood Cliffs, N.J. : _bPrentice-Hall, _cc1983. |
||
| 300 |
_axii, 208 p. : _bill. ; _c23 cm. |
||
| 505 | _aIndividual Orientations and Organizational Structures (Page-10), Individual Orientations and Organizational Structure (Page-87), Increasing Organizational Synchrony (Page-149). | ||
| 650 | 0 |
_aOrganization. _94210 |
|
| 650 | 0 | _aOrganizational behavior. | |
| 700 | 1 |
_aKovach, Randy. _9106892 |
|
| 700 | 1 |
_aMorris, Glenn. _9106893 |
|
| 942 |
_2ddc _cBK |
||
| 999 |
_c187107 _d187107 |
||